| 000 | nam a22 7a 4500 | ||
|---|---|---|---|
| 999 |
_c16830 _d16830 |
||
| 008 | 161117b xxu||||| |||| 00| 0 eng d | ||
| 020 | _a 9781438070704 | ||
| 050 | _aR 838.5 .M43 2011 | ||
| 100 | _aCutts, Jay | ||
| 245 |
_aMCAT : _bMedical College Admission Test/ _cJay Cutts; Mariel Campbell; Louis Gotlib; Daniel Milton Oman; Robert Oman; J. Shield Wallace |
||
| 260 |
_aHauppauge, N.Y. : _b Barron's, _c©2011. |
||
| 300 |
_aviii, 983p. : _bill. ; _c8 cm + _e1 CD-ROM (digital ; 4 3/4 in.) |
||
| 500 | _aIncludes bibliography and index. | ||
| 650 |
_aMedical College Admission Test _xStudy guides. |
||
| 650 | _a Medicine. | ||
| 650 | _aMedical College Admission Test. | ||
| 700 | _aCampbell, Mariel | ||
| 700 | _aGotlib, Louis | ||
| 700 | _aOman, Daniel Milton | ||
| 700 | _aOman, Robert | ||
| 700 | _aWallace, J. Shield | ||
| 942 |
_2lcc _cBOOKS _hR 838.5 .M43 2011 |
||